| 000 | 00733nam a2200265Ia 4500 | ||
|---|---|---|---|
| 003 | OSt | ||
| 005 | 20221005022931.0 | ||
| 006 | a|||||r|||| 00| 0 | ||
| 007 | ta | ||
| 008 | ASM | ||
| 020 | _cIndian Rupees 75 | ||
| 024 | _a35667 | ||
| 037 |
_bGift, 02/02/2018, _cTextual |
||
| 040 |
_aCRL _cCRL _bASM |
||
| 041 |
_2ASM _aASM |
||
| 082 | _aP111:3, 158Q2 | ||
| 100 |
_aSingha T. B. Co. _9578857 |
||
| 245 | 0 | _aAnglo - assamese - manipuri - hindi word book | |
| 260 |
_aAssam _bSree Gauranga Press India _c2012 |
||
| 300 |
_a44p. _ccm. |
||
| 650 | _a LINGUISTICS | ||
| 650 | _aENGLISH LANGUAGE - GRAMMAR | ||
| 942 |
_hP111:3, 158Q2 _cTEXL _2cc |
||
| 999 |
_c930216 _d930216 |
||